000 00840cab a2200277 4500
001 WB3046-42
008 090401t1994 xxu||||| |||| 00| 0 eng d
035 _a(Sirsi) u23626
041 _aeng
245 _aHow to clear our city streets
260 _c1994
350 _a0
490 _aTimes
_v3 December 1994, N1&3(4)
520 _aA personal view on how to reduce the number of cars from London streets. Suggests improving public transport with reference to a number of European cities including Naples.
650 _aCITIES
650 _aCITY OF LONDON
650 _aCOMPANY CARS
650 _aPARKING SPACES
650 _aPUBLIC TRANSPORT
650 _aSECURITY CORDON
650 _aTRAFFIC CONGESTION
650 _aTRANSPORT POLICY
690 _aTRANSPORT AND COMMUNICATIONS
942 _n0
948 _c04/03/1997
999 _c15805
_d15805